| 000 | 00954nam a2200253Ia 4500 | ||
|---|---|---|---|
| 003 | OSt | ||
| 005 | 20220923213904.0 | ||
| 006 | a|||||r|||| 00| 0 | ||
| 007 | ta | ||
| 008 | 220922b |||||||| |||| 00| 0 hin d | ||
| 024 | _a165,425 | ||
| 037 | _cTextual | ||
| 040 |
_aARTS _cARTS _bhin |
||
| 041 |
_2hin _ahin |
||
| 082 | _aO152,1M972:g, K4 | ||
| 100 | _aदुबे, लक्ष्मीनारायण | ||
| 245 | 0 |
_aबालकृष्ण शर्मा नवीन _b व्यक्ति एवं काव्य |
|
| 246 | _aBālakṛuṣhṇa sharmā navīna: vyakti evan kāvya | ||
| 260 |
_aइलाहाबाद _b हिन्दुस्तानी एकेडेमी _c1964 |
||
| 300 |
_a503पृ. _ccm. |
||
| 650 |
_aहिन्दी साहित्य _9156264 |
||
| 942 |
_hO152,1M972:g, K4 _cTEXL _2CC |
||
| 999 |
_c319904 _d319904 |
||